000 00392nam a22001697a 4500
005 20260408160228.0
008 160628b xxu||||| |||| 00| 0 eng d
020 _a978-81-203-3308-6
041 _aeng
082 _a158.1
100 _aJohn son, Larry and Philips bob
_93061
245 _aAbsolute Honesty
260 _bPHI
_c2007
300 _a286
650 _aethics
_98963
942 _cBK
999 _c4441
_d4440